logo

Bir Sreshtho Munshi Abdur Rouf Library
Jhenaidah Cadet College

গাণিতিক পদ্ধতি / (Record no. 5541)

MARC details
000 -LEADER
fixed length control field 00618nam a2200217 a 4500
001 - CONTROL NUMBER
JCCL Control Number 5541
003 - CONTROL NUMBER IDENTIFIER
JCCL marc code BD-JhCC
005 - DATE AND TIME OF LATEST TRANSACTION
control field 20171217194329.0
008 - FIXED-LENGTH DATA ELEMENTS--GENERAL INFORMATION
fixed length control field 171204s1986 bg |||| ||a| 001 0 ben d
035 ## - SYSTEM CONTROL NUMBER
system control number (BD-JhCC) 5541
040 ## - CATALOGING SOURCE
Original cataloging agency BD-JhCC
Modifying agency BD-JhCC
041 ## - LANGUAGE CODE
Language code of Book ben
082 ## - DEWEY DECIMAL CLASSIFICATION NUMBER
Classification number 510
Author mark and Year KHA 1986
100 ## - MAIN ENTRY--PERSONAL NAME
Personal name খলিল, ফররুখ
245 ## - TITLE STATEMENT
Title গাণিতিক পদ্ধতি /
Statement of responsibility, etc ফররুখ খলিল
260 ## - PUBLICATION, DISTRIBUTION, ETC. (IMPRINT)
Place of publication, distribution, etc ঢাকা :
Date of publication, distribution, etc 1986.
Name of publisher, distributor, etc বাংলা একাডেমী,
300 ## - PHYSICAL DESCRIPTION
Pagination 480 p .:
Dimensions 23 cm .
650 ## - SUBJECT ADDED ENTRY--TOPICAL TERM
Topical term or geographic name as entry element Mathematical Mathods
942 ## - ADDED ENTRY ELEMENTS (KOHA)
Source of classification or shelving scheme Dewey Decimal Classification
Koha item type Books
Holdings
Source of classification or shelving scheme Damaged status Not for loan Home library Current library Shelving location Date of accession Cost, normal purchase price Total Checkouts Full call number Barcode Date last seen Copy number Koha item type volume number
Dewey Decimal Classification     JCC Rouf Library JCC Rouf Library General Stacks 12/17/2017 125.00   510 KHA 1986 7765 12/17/2017 C-1 Books  
Dewey Decimal Classification     JCC Rouf Library JCC Rouf Library General Stacks   100.00   510 KHA 1986 11820 03/15/2018 C - 1 Books V-3

JCC Library | Contacts | JCC Home

Last Update on 23 September 2017
Copyright @ 2017-2020 JCC Rouf Library
Rouf Library, Jhenidah Cadet College (JCC), Bangladesh